000 01029nam a2200265 a 4500
001 000005983
005 20200929151854.0
008 090825s2002 dr 000 0 spa d
020 _a9993403334
040 _aDO-SdBNP
_bspa
_cBNPHU
082 _a351.7293
_bM433h
100 1 _aMatías, Bernardo
_96004
245 1 0 _aHacia una nueva cultura de la gestión pública dominicana /
_cBernardo Matías.
260 _aSanto Domingo :
_bCOSALUP,
_c2002.
300 _a164 p. ;
_c22 cm.
504 _aIncluye referencias bibliográficas y notas al pie de las páginas
504 _aBibliografía: p. 161-164
590 _aInventariado,2018/DG
650 4 _aDescentralización administrativa
_zRepública Dominicana
_93012
650 4 _aSociedad civil
_zRepública Dominicana
_914011
650 4 _aSalud pública
_zRepública Dominicana
_92078
651 4 _aRepública Dominicana
_xAdministración Pública
_9657
710 1 _aColectivo de Salud Popular (República Dominicana)
_916864
910 _aValidado. Control de calidad MMOLINA
999 _c5779
_d5779